000 01143nac a22003131i 4500
003 EG-ScBUE
005 20250114103813.0
008 250114t1995 gw f b 001 0 eng d
020 _a3540586563 (acid-free)
020 _a9783540586562
040 _aEG-ScBUE
_beng
_erda
_cEG-ScBUE
_dEG-ScBUE
082 0 4 _a521
_bSIE
_222
100 1 _aSiegel, Carl Ludwig,
_eauthor.
245 1 0 _aLectures on celestial mechanics /
_cC.L. Siegel, J. K. Moser. ; translation by C. I. Kalme.
264 1 _aBerlin :
_bSpringer,
_c[1995]
264 4 _cc1995
300 _axii, 290 pages ;
_c24 cm.
336 _2rdacontent
_atext
_btxt
337 _aunmediated
_2rdamedia
_bn
338 _avolume
_bnc
_2rdacarrier
490 0 _aClassics in mathematics
500 _aOriginally published (in English): Berlin ; New York : Springer-Verlag, 1971. (Grundlehren der mathematischen Wissenschaften ; vol. 187).
504 _aIncludes bibliographical references and index.
650 7 _aCelestial mechanics.
_2BUEsh
655 _vReading book
700 1 _aMoser, JuÌ(rgen,
_d1928-
_eauthor.
700 1 _aKalme, Charles I.,
_eauthor.
942 _cBB
_2ddc
999 _c4230
_d4230